00943 a2200193 4500003000500000005001700005040000900022082001800031100002600049245005300075260002900128300000900157505025600166650004200422942001200464999001900476952012700495952012700622Nust20221021125033.0 cNust a620.11296,GOL aGoldsmid .H.J9101093 aThe Thermal Properties of Solids /cH.J Goldsmid aLondonbRouteledgec1965 a72:p aThermal Properties and Their Measurement (Page-1), Insulator, Metals and Semiconductors (Page-19), Properties of the Crystal Lattics (Page-30), The Specific Heat and Thermal Conductivity of Metals (Page-47), Thermal Effects in Semiconductors (Page-54) a Thermal Properties of Solids9101094 2ddccBK c182973d182973 00102ddc4070aMCSbMCScGENd2016-12-12o620.11296,GOLpMCS22125r2016-12-08w2016-12-12yBKzAlmirah No.27, Shelf No.5 00102ddc4070aMCSbMCScGENd2016-12-12o620.11296,GOLpMCS22280r2016-12-08w2016-12-12yBKzAlmirah No.27, Shelf No.5